000 00357nam a22001337a 4500
008 180817b xxu||||| |||| 00| 0 eng d
020 _a1843111322
050 _aKD1815.A2.L57
245 _aLloyd's Law Reports. /
_cedited by M. M. D'suza
260 _aLondon:
_bMFK Group,
_c2001.
300 _av, 810 p.:
_c28cm
700 _aD'souza, M. M
942 _2lcc
_cBK
999 _c6682
_d14182